<?xml version="1.0" encoding="UTF-8"?>
<record
    xmlns:xsi="http://www.w3.org/2001/XMLSchema-instance"
    xsi:schemaLocation="http://www.loc.gov/MARC21/slim http://www.loc.gov/standards/marcxml/schema/MARC21slim.xsd"
    xmlns="http://www.loc.gov/MARC21/slim">

  <leader>00690nam a22001577a 4500</leader>
  <controlfield tag="003">OSt</controlfield>
  <controlfield tag="005">20150920094438.0</controlfield>
  <controlfield tag="008">150920b        xxu||||| |||| 00| 0 eng d</controlfield>
  <datafield tag="040" ind1=" " ind2=" ">
    <subfield code="c">RUA</subfield>
  </datafield>
  <datafield tag="082" ind1=" " ind2=" ">
    <subfield code="a">AGR MEN 2008 B037 Or.1</subfield>
  </datafield>
  <datafield tag="100" ind1=" " ind2=" ">
    <subfield code="9">910</subfield>
    <subfield code="a">MENG, SETHYRADETH.</subfield>
  </datafield>
  <datafield tag="245" ind1=" " ind2=" ">
    <subfield code="a">effects of cow manure and npk fertilizer application on mungbean (vigna radiata) on kein svay soil group (&#x200B;&#x17A5;&#x1791;&#x17D2;&#x1792;&#x17B7;&#x1796;&#x179B;&#x1793;&#x17C3;&#x1780;&#x17B6;&#x179A;&#x1794;&#x17D2;&#x179A;&#x17BE;&#x1794;&#x17D2;&#x179A;&#x17B6;&#x179F;&#x17CB;&#x1787;&#x17B8;&#x179B;&#x17B6;&#x1798;&#x1780;&#x1782;&#x17C4; &#x1793;&#x17B7;&#x1784;&#x200B;&#x1787;&#x17B8;&#x178E;&#x1797;&#x1782; &#x179B;&#x17BE;&#x178A;&#x17C6;&#x178E;&#x17C6;&#x17B6;&#x179F;&#x178E;&#x17D2;&#x178F;&#x17C2;&#x1780;&#x1794;&#x17B6;&#x1799;&#x179B;&#x17BE;&#x1780;&#x17D2;&#x179A;&#x17BB;&#x1798;&#x1787;&#x17B8;&#x1780;&#x17C0;&#x1793;&#x179F;&#x17D2;&#x179C;&#x17B6;&#x1799;)</subfield>
  </datafield>
  <datafield tag="260" ind1=" " ind2=" ">
    <subfield code="a">Phnom Penh</subfield>
    <subfield code="b">RUA</subfield>
    <subfield code="c">2008</subfield>
  </datafield>
  <datafield tag="300" ind1=" " ind2=" ">
    <subfield code="a">47p.</subfield>
    <subfield code="b">ill.</subfield>
    <subfield code="c">29cm.</subfield>
  </datafield>
  <datafield tag="942" ind1=" " ind2=" ">
    <subfield code="2">ddc</subfield>
    <subfield code="c">AGR</subfield>
  </datafield>
  <datafield tag="999" ind1=" " ind2=" ">
    <subfield code="c">877</subfield>
    <subfield code="d">877</subfield>
  </datafield>
  <datafield tag="952" ind1=" " ind2=" ">
    <subfield code="0">0</subfield>
    <subfield code="1">0</subfield>
    <subfield code="2">ddc</subfield>
    <subfield code="4">0</subfield>
    <subfield code="6">AGR_MEN_2008_000000000000000_B037_OR_1</subfield>
    <subfield code="7">0</subfield>
    <subfield code="9">3501</subfield>
    <subfield code="a">LBB</subfield>
    <subfield code="b">LBB</subfield>
    <subfield code="c">B037</subfield>
    <subfield code="d">2015-09-20</subfield>
    <subfield code="o">AGR MEN 2008 B037 Or.1</subfield>
    <subfield code="p">RUA000620</subfield>
    <subfield code="r">2015-09-20</subfield>
    <subfield code="w">2015-09-20</subfield>
    <subfield code="y">AGR</subfield>
  </datafield>
  <datafield tag="952" ind1=" " ind2=" ">
    <subfield code="0">0</subfield>
    <subfield code="1">0</subfield>
    <subfield code="2">ddc</subfield>
    <subfield code="4">0</subfield>
    <subfield code="6">AGR_MEN_2008_000000000000000_B037_OR_2</subfield>
    <subfield code="7">0</subfield>
    <subfield code="9">3502</subfield>
    <subfield code="a">LBB</subfield>
    <subfield code="b">LBB</subfield>
    <subfield code="c">B037</subfield>
    <subfield code="d">2015-09-20</subfield>
    <subfield code="l">1</subfield>
    <subfield code="o">AGR MEN 2008 B037 Or.2</subfield>
    <subfield code="p">RUA000534</subfield>
    <subfield code="r">2018-09-25</subfield>
    <subfield code="s">2018-09-12</subfield>
    <subfield code="w">2015-09-20</subfield>
    <subfield code="y">AGR</subfield>
  </datafield>
  <datafield tag="952" ind1=" " ind2=" ">
    <subfield code="0">0</subfield>
    <subfield code="1">0</subfield>
    <subfield code="2">ddc</subfield>
    <subfield code="4">0</subfield>
    <subfield code="6">AGR_MEN_2008_000000000000000_B037_OR_3</subfield>
    <subfield code="7">0</subfield>
    <subfield code="9">3503</subfield>
    <subfield code="a">LBB</subfield>
    <subfield code="b">LBB</subfield>
    <subfield code="c">B037</subfield>
    <subfield code="d">2015-09-20</subfield>
    <subfield code="l">5</subfield>
    <subfield code="m">1</subfield>
    <subfield code="o">AGR MEN 2008 B037 Or.3</subfield>
    <subfield code="p">RUA000487</subfield>
    <subfield code="r">2025-11-28</subfield>
    <subfield code="s">2025-11-24</subfield>
    <subfield code="w">2015-09-20</subfield>
    <subfield code="y">AGR</subfield>
  </datafield>
  <datafield tag="952" ind1=" " ind2=" ">
    <subfield code="0">0</subfield>
    <subfield code="1">0</subfield>
    <subfield code="2">ddc</subfield>
    <subfield code="4">0</subfield>
    <subfield code="6">AGR_MEN_2008_000000000000000_B037_OR_4</subfield>
    <subfield code="7">0</subfield>
    <subfield code="9">3504</subfield>
    <subfield code="a">LBB</subfield>
    <subfield code="b">LBB</subfield>
    <subfield code="c">B037</subfield>
    <subfield code="d">2015-09-20</subfield>
    <subfield code="o">AGR MEN 2008 B037 Or.4</subfield>
    <subfield code="p">RUA000462</subfield>
    <subfield code="r">2015-09-20</subfield>
    <subfield code="w">2015-09-20</subfield>
    <subfield code="y">AGR</subfield>
  </datafield>
  <datafield tag="952" ind1=" " ind2=" ">
    <subfield code="0">0</subfield>
    <subfield code="1">0</subfield>
    <subfield code="2">ddc</subfield>
    <subfield code="4">0</subfield>
    <subfield code="6">AGR_MEN_2008_000000000000000_B037_OR_6</subfield>
    <subfield code="7">0</subfield>
    <subfield code="9">3505</subfield>
    <subfield code="a">LBB</subfield>
    <subfield code="b">LBB</subfield>
    <subfield code="c">B037</subfield>
    <subfield code="d">2015-09-20</subfield>
    <subfield code="l">2</subfield>
    <subfield code="o">AGR MEN 2008 B037 Or.6</subfield>
    <subfield code="p">RUA000535</subfield>
    <subfield code="r">2024-08-12</subfield>
    <subfield code="s">2024-07-24</subfield>
    <subfield code="w">2015-09-20</subfield>
    <subfield code="y">AGR</subfield>
  </datafield>
</record>
